Wie die europäischen Länder ihre Unabhängigkeit erlangten - Statistiken

Allgemein
  • Dieses Quiz wurde 224 mal gespielt
  • Das Durchschnittsergebnis liegt bei 29 aus 45
Antwortstatistiken
Land Land / Imperium % Korrekt
Poland Deutschland/Russland
96%
Bosnia and Herzegovina Jugoslawien
94%
Croatia Jugoslawien
94%
North Macedonia Jugoslawien
94%
Slovenia Jugoslawien
94%
San Marino Italien
90%
Vatican City Italien
90%
Ireland Vereinigtes Königreich
90%
Netherlands Spanien
89%
Portugal Spanien
89%
Denmark Deutschland
86%
Liechtenstein Deutschland
86%
Luxembourg Deutschland
86%
Finland Russland
82%
Kosovo Serbien
77%
Iceland Dänemark
74%
Azerbaijan Sowjetunion
74%
Belarus Sowjetunion
74%
Estonia Sowjetunion
74%
Georgia Sowjetunion
74%
Latvia Sowjetunion
74%
Lithuania Sowjetunion
74%
Moldova Sowjetunion
74%
Russia Sowjetunion
74%
Ukraine Sowjetunion
74%
Albania Osmanisches Reich
72%
Bulgaria Osmanisches Reich
72%
Greece Osmanisches Reich
72%
Romania Osmanisches Reich
72%
Turkey Osmanisches Reich
72%
Czech Republic Tschechoslowakei
70%
Slovakia Tschechoslowakei
70%
Belgium Niederlande
64%
Austria Österreich-Ungarn
63%
Hungary Österreich-Ungarn
63%
France Rom
43%
Switzerland Rom
43%
Montenegro Serbien und Montenegro
13%
Serbia Serbien und Montenegro
13%
Andorra Aragon
3%
Monaco Sardinien
3%
Norway Schweden-Norwegen
3%
Sweden Schweden-Norwegen
3%
Cyprus Britisches Imperium
2%
Malta Britisches Imperium
2%
Keine übereinstimmenden Quizze gefunden
Verteilung der Resultate
Anzahl Personen mit jedem Resultat
Perzentil nach korrekt beantworteten Fragen
Ihre Resultats-Entwicklung
Sie haben dieses Quiz noch nicht gespielt